000 00503nam a2200181 a 4500
001 1771566770771
003 YourLibrary
005 20260220113014.0
008 260220s2006##################000#0#eng##
020 _a9781847200426
082 0 4 _a336.294
_bCRE
100 1 _aCreedy, John,
_eauthor.
245 1 0 _aThe Distributional Effects of Indirect Taxes :
260 _bEdward Elgar Publishing,
_c2006.
650 0 _aIndirect taxation.
942 _cENGLISH
040 _aYourLibrary
_beng
_cYourLibrary
999 _c613541
_d613541